Enfoque estratégico centroamericano sobre reconstrucción y transformación desde la sociedad civil organizada nacional y regionalmente: reconstrucción y desarrollo de Centroamérica post Mitch

保存先:
書誌詳細
団体著者: Coordinadora Regional de Investigaciones Económicas y Sociales
フォーマット: 不明
出版事項: Managua: CRIES
主題:
タグ: タグ追加
タグなし, このレコードへの初めてのタグを付けませんか!

MARC

LEADER 00000 a2200000 04500
001 18506
003
008 991231s d
040
090 |a 143409  
110 |a Coordinadora Regional de Investigaciones Económicas y Sociales  
245 |a Enfoque estratégico centroamericano sobre reconstrucción y transformación desde la sociedad civil organizada nacional y regionalmente: reconstrucción y desarrollo de Centroamérica post Mitch  
260 |a Managua:   |b CRIES  
650 |a ESTADO  
650 |a DESCENTRALIZACION  
650 |a MODERNIZACION  
650 |a DESARROLLO DE LA COMUNIDAD  
650 |a PARTICIPACION SOCIAL  
650 |a DESARROLLO ECONOMICO Y SOCIAL  
650 |a GLOBALIZACION  
999 |c 10784  |d 10784